Sports Quiz

Random Sports or MLB Quiz

MLB - Five-and-Ten Players Quiz Stats

 Plays Quiz not verified by Sporcle

Challenge
Share
Tweet
Embed
Score 0/27 Timer 05:00
0 Plays Today
2014 Team Player % Correct
NYYDerek Jeter
94.2%
PHIRyan Howard
89.6%
PHIChase Utley
87.9%
PHIJimmy Rollins
87.9%
BOSDavid Ortiz
80.9%
NYMDavid Wright
79.9%
MINJoe Mauer
79%
DETMiguel Cabrera
77.5%
TORJose Bautista
71%
CHWPaul Konerko
70.2%
WSNRyan Zimmerman
69.8%
DETJustin Verlander
68.9%
SFGMatt Cain
65.4%
CINBrandon Phillips
61.9%
2014 Team Player % Correct
NYYMark Teixeira
60.9%
SEAFelix Hernandez
59.6%
NYYCC Sabathia
58.2%
STLYadier Molina
57.4%
STLMatt Holliday
56.2%
TOREdwin Encarnacion
42.9%
MILRickie Weeks
38.4%
OAKCoco Crisp
29.3%
COLJorge De La Rosa
18.2%
KCRBruce Chen
9.6%
SFGJeremy Affeldt
8.7%
SFGSantiago Casilla
6.1%
COLMatt Belisle
1.7%

You're not logged in!

Compare scores with friends on all Sporcle quizzes.
Join for Free
OR
Log In

You Might Also Like...

Show Comments

Extras

Top Quizzes Today


Score Distribution

Your Account Isn't Verified!

In order to create a playlist on Sporcle, you need to verify the email address you used during registration. Go to your Sporcle Settings to finish the process.

Report this User

Report this user for behavior that violates our Community Guidelines.

Details: